00748nam a2200253 a 4500001001300000003000900013005001700022008004100039020001000080082001500090100002000105245004600125260003700171300000800208500003500216505001500251650002500266650003500291700002000326902000800346942000700354952011600361999001700477nice12345678IN_TiNIC20260116013508.0050524s1994 tama grp 000 0 eng  ac10000a121.2bNAM aNambi, Manickam aTen Dimensional Universe Or the Surrender aTamil NadubManickam Nambic1994 a92p aincludes index and biblioraphy2 aBack Notes aKnowledge-Philosophy aPhilosophy-Theory of Knowledge1 aNambi, Manickam bSRS cBK 001040708StackRoom-aHMIbHMId2007-03-15g100.00l0o121.2 NAMp015358r2007-03-15v100.00w2005-05-24yBK c11206d11206